[Event "Regionalliga SW 9900"]
[Site "Bayern"]
[Date "2000.??.??"]
[Round "9.8"]
[White "Scharl, Walter"]
[Black "Sieche, Erhard"]
[Result "1/2-1/2"]
[WhiteElo "1985"]
[BlackElo "1820"]
[PlyCount "75"]
[EventDate "1999.??.??"]
[EventType "team-tourn"]
[EventRounds "9"]
[EventCountry "GER"]
[SourceTitle "EXT 2020"]
[Source "ChessBase"]
[SourceDate "2019.10.17"]
[SourceVersion "1"]
[SourceVersionDate "2019.10.17"]
[SourceQuality "1"]
[WhiteTeam "Muenchen Suedost"]
[BlackTeam "Noerdlingen"]
[WhiteTeamCountry "GER"]
[BlackTeamCountry "GER"]

1. e4 c5 2. b4 e5 3. Nf3 Qc7 4. Nc3 Nf6 5. b5 b6 6. Bc4 Bb7 7. Ng5 d5 8. exd5 Bd6 9. d3 Nbd7 10. Nge4 h6 11. Qe2 0-0-0 12. a4 Ne8 13. 0-0 f5 14. Nxd6+ Nxd6 15. f4 Nxc4 16. dxc4 e4 17. Be3 g5 18. g3 g4 19. Bd2 h5 20. Be1 Qd6 21. Nd1 Rh7 22. Ne3 Qf6 23. Ra3 Rg8 24. Ng2 Qb2 25. Rb3 Qd4+ 26. Ne3 Qf6 27. Bc3 Qf7 28. Ng2 Rh6 29. Nh4 Re8 30. Qe3 Nf8 31. a5 Ng6 32. Nxg6 Qxg6 33. axb6 axb6 34. Ra1 h4 35. Be1 hxg3 36. Bxg3 Qf6 37. c3 Rh3 38. Re1 1/2-1/2

[Event "Regionalliga SW 9798"]
[Site "Bayern"]
[Date "1998.??.??"]
[Round "?.6"]
[White "Abraham, Ludwig"]
[Black "Sieche, Erhard"]
[Result "0-1"]
[WhiteElo "1865"]
[BlackElo "1850"]
[PlyCount "91"]
[EventDate "1997.10.??"]
[EventType "team-tourn"]
[EventRounds "9"]
[EventCountry "GER"]
[SourceTitle "EXT 2020"]
[Source "ChessBase"]
[SourceDate "2019.10.17"]
[SourceVersion "1"]
[SourceVersionDate "2019.10.17"]
[SourceQuality "1"]
[WhiteTeam "Muenchen Suedost"]
[BlackTeam "Noerdlingen"]
[WhiteTeamCountry "GER"]
[BlackTeamCountry "GER"]

1. e4 c5 2. Nf3 d6 3. d4 cxd4 4. Qxd4 Bd7 5. Be3 Nc6 6. Qd2 g6 7. Nc3 Bg7 8. Be2 Nf6 9. 0-0-0 Qa5 10. a3 Ng4 11. Nd5 Qxd2+ 12. Bxd2 Rc8 13. Be1 Be6 14. Kb1 h5 15. h3 Nge5 16. Nxe5 Nxe5 17. Bc3 Rg8 18. f4 Nd7 19. Bxg7 Bxd5 20. exd5 Rxg7 21. g4 Nf6 22. Bf3 Rc4 23. g5 Nd7 24. f5 Rf4 25. f6 exf6 26. gxf6 Rxf6 27. Be2 a6 28. Rd4 Kd8 29. b4 Rf2 30. Bd1 Rg8 31. c4 Re8 32. Rd3 Re4 33. Rc3 Nb6 34. Bb3 Rd4 35. Re1 Nd7 36. c5 Nf6 37. cxd6 Ne4 38. Rc2 Nxd6 39. Rec1 Rxc2 40. Kxc2 Rh4 41. Rh1 g5 42. Rg1 f6 43. Rf1 f5 44. Rg1 g4 45. hxg4 hxg4 46. Kd3 0-1

[Event "Regionalliga SW 9798"]
[Site "Bayern"]
[Date "1998.??.??"]
[Round "?.6"]
[White "Sieche, Erhard"]
[Black "Schoenbauer, Max"]
[Result "0-1"]
[WhiteElo "1855"]
[BlackElo "2030"]
[PlyCount "43"]
[EventDate "1997.10.??"]
[EventType "team-tourn"]
[EventRounds "9"]
[EventCountry "GER"]
[SourceTitle "EXT 2020"]
[Source "ChessBase"]
[SourceDate "2019.10.17"]
[SourceVersion "1"]
[SourceVersionDate "2019.10.17"]
[SourceQuality "1"]
[WhiteTeam "Noerdlingen"]
[BlackTeam "Muenchen FC Bayern II"]
[WhiteTeamCountry "GER"]
[BlackTeamCountry "GER"]

1. e4 d6 2. d4 Nf6 3. Bd3 c6 4. Ne2 e5 5. c3 Be7 6. Qc2 Bg4 7. Ng3 Nh5 8. f3 Nxg3 9. hxg3 Be6 10. Qf2 Nd7 11. Be3 h5 12. Nd2 Nf6 13. dxe5 dxe5 14. Bc4 Qd7 15. Bxa7 Bxc4 16. Nxc4 b5 17. Nxe5 Qxa7 18. Qxa7 Rxa7 19. Nxc6 Rb7 20. Nxe7 Kxe7 21. Ke2 g6 22. Rhd1 0-1

[Event "Regionalliga SW 9798"]
[Site "Bayern"]
[Date "1998.??.??"]
[Round "?.7"]
[White "Tudosa, Daniel"]
[Black "Sieche, Erhard"]
[Result "1-0"]
[WhiteElo "2005"]
[BlackElo "1855"]
[PlyCount "175"]
[EventDate "1997.10.??"]
[EventType "team-tourn"]
[EventRounds "9"]
[EventCountry "GER"]
[SourceTitle "EXT 2020"]
[Source "ChessBase"]
[SourceDate "2019.10.17"]
[SourceVersion "1"]
[SourceVersionDate "2019.10.17"]
[SourceQuality "1"]
[WhiteTeam "Tuerkheim"]
[BlackTeam "Noerdlingen"]
[WhiteTeamCountry "GER"]
[BlackTeamCountry "GER"]

1. d4 e6 2. Nf3 d5 3. Bf4 Bd6 4. Bg3 Nf6 5. Nbd2 b6 6. e3 c5 7. c3 Qc7 8. Bxd6 Qxd6 9. Ne5 Nbd7 10. Bb5 a6 11. Bxd7+ Bxd7 12. g4 Qe7 13. g5 Ne4 14. Nxe4 dxe4 15. Qg4 Bc8 16. Rg1 Bb7 17. 0-0-0 0-0 18. dxc5 Qc7 19. Nd7 Rfd8 20. Nf6+ Kh8 21. Rxd8+ Rxd8 22. cxb6 Qxb6 23. Qh5 gxf6 24. gxf6 Qd6 25. Qg4 Qf8 26. Rg3 Qh6 27. Qg7+ Qxg7 28. Rxg7 Rd7 29. c4 Bc6 30. Kc2 Rc7 31. Kc3 Rd7 32. b3 h6 33. Kb4 e5 34. Ka5 Bb7 35. Kb6 Bc8 36. c5 Rb7+ 37. Kc6 Ra7 38. Kd6 Be6 39. c6 a5 40. c7 Ra8 41. Kxe5 a4 42. bxa4 Bxa2 43. Kd6 Be6 44. Rg1 Rxa4 45. Rc1 Ra8 46. Ke5 Kh7 47. Kxe4 Kg6 48. Ke5 Ra5+ 49. Kd6 Kxf6 50. Rd1 Ra2 51. Rf1 Rd2+ 52. Kc6 Bh3 53. Kb6 Rc2 54. Rd1 Rxf2 55. Rd4 Be6 56. Rh4 Kg5 57. Re4 Rb2+ 58. Ka5 Bh3 59. Re5+ Kg6 60. Re8 Rxh2 61. Kb6 Rc2 62. Rg8+ Kf6 63. e4 Be6 64. Rh8 Kg7 65. Re8 h5 66. Rd8 Rc4 67. e5 h4 68. Rd2 h3 69. Rf2 Rc3 70. Kb7 Rc5 71. Re2 Kg6 72. Kb6 Rc3 73. Rf2 Kg5 74. Kb7 Re3 75. Rf6 Rb3+ 76. Ka7 h2 77. Rxe6 h1Q 78. c8Q Qg1+ 79. Ka8 Qg2+ 80. Rc6 Ra3+ 81. Kb7 Qd5 82. Qg8+ Kf5 83. Qh7+ Kxe5 84. Qh2+ Kf5 85. Qh5+ Ke4 86. Qg4+ Ke5 87. Qg5+ Kd4 88. Qf4+ 1-0

[Event "Regionalliga SW 9798"]
[Site "Bayern"]
[Date "1997.??.??"]
[Round "?.7"]
[White "Sieche, Erhard"]
[Black "Poehlmann, Philipp"]
[Result "1/2-1/2"]
[WhiteElo "1850"]
[BlackElo "1610"]
[PlyCount "145"]
[EventDate "1997.10.??"]
[EventType "team-tourn"]
[EventRounds "9"]
[EventCountry "GER"]
[SourceTitle "EXT 2020"]
[Source "ChessBase"]
[SourceDate "2019.10.17"]
[SourceVersion "1"]
[SourceVersionDate "2019.10.17"]
[SourceQuality "1"]
[WhiteTeam "Noerdlingen"]
[BlackTeam "Muenchen 36 II"]
[WhiteTeamCountry "GER"]
[BlackTeamCountry "GER"]

1. e4 c5 2. Nf3 Nc6 3. d4 cxd4 4. Nxd4 g6 5. Nc3 d6 6. Be3 Bg7 7. Qd2 Nxd4 8. Bxd4 Nf6 9. Bb5+ Bd7 10. Bxd7+ Qxd7 11. f3 0-0 12. Nd5 Nxd5 13. Bxg7 Kxg7 14. exd5 Qb5 15. 0-0-0 Rac8 16. Rhe1 Rc7 17. Kb1 Rfc8 18. Qd4+ Kg8 19. Rd2 Qa5 20. Red1 Rc4 21. Qe3 Ra4 22. a3 Rc7 23. Rd3 Rac4 24. R1d2 Qa6 25. g3 b5 26. b3 R4c5 27. Kb2 Qb7 28. h4 b4 29. axb4 Qxb4 30. Rd4 Qb6 31. Re4 Qb7 32. Qd4 Qa6 33. Rde2 Qb7 34. Rd2 Ra5 35. Rde2 Rxd5 36. Qe3 e6 37. g4 Ra5 38. Qd3 Rd5 39. Qe3 Qc8 40. h5 Rdc5 41. c4 e5 42. hxg6 fxg6 43. f4 Re7 44. f5 gxf5 45. gxf5 Qxf5 46. Qd3 Qd7 47. Qf3 Rf7 48. Rg2+ Kf8 49. Qg3 Qf5 50. Rh4 Rc8 51. Rg4 Ke8 52. Rg5 Qf3 53. Qh4 Kd7 54. R5g3 Qf5 55. Qh6 Kc7 56. Qe3 Kc6 57. Rd2 Rd8 58. Rg5 Qf4 59. Rxe5 Qxe3 60. Rxe3 Rf5 61. b4 a5 62. b5+ Kc5 63. Kb3 a4+ 64. Kc3 d5 65. cxd5 Kxb5 66. d6 Rc5+ 67. Kb2 Kc6 68. Re4 Ra5 69. Ka3 h5 70. Rxa4 Rxa4+ 71. Kxa4 Rxd6 72. Rh2 Rh6 73. Kb4 1/2-1/2

[Event "Regionalliga SW 9697"]
[Site "Bayern"]
[Date "1996.??.??"]
[Round "?"]
[White "Utpadel, Daniel"]
[Black "Sieche, Erhard"]
[Result "1/2-1/2"]
[WhiteElo "1740"]
[BlackElo "1845"]
[PlyCount "102"]
[EventDate "1996.10.??"]
[EventType "team-tourn"]
[EventRounds "9"]
[EventCountry "GER"]
[SourceTitle "EXT 1999"]
[Source "ChessBase"]
[SourceDate "1998.11.16"]
[SourceVersion "1"]
[SourceVersionDate "1998.11.16"]
[SourceQuality "1"]
[WhiteTeam "Muenchen 36 II"]
[BlackTeam "Noerdlingen"]
[WhiteTeamCountry "GER"]
[BlackTeamCountry "GER"]

1. e4 c5 2. Nf3 d6 3. d4 cxd4 4. Nxd4 Nf6 5. Nc3 g6 6. Be3 Bg7 7. f3 Bd7 8. Qd2 Nc6 9. Bc4 Rc8 10. Bb3 Ne5 11. h4 Nc4 12. Bxc4 Rxc4 13. 0-0-0 0-0 14. Kb1 Re8 15. h5 Nxh5 16. g4 Nf6 17. Bh6 Bh8 18. Nde2 Qa5 19. Bg5 Be6 20. Bxf6 Bxf6 21. Nd5 Qxd2 22. Nxf6+ exf6 23. Rxd2 Rc6 24. Nc3 a6 25. Rdh2 Kf8 26. Rxh7 Rc5 27. Rh8+ Ke7 28. Rxe8+ Kxe8 29. Rd1 Ke7 30. Nd5+ Bxd5 31. Rxd5 Ke6 32. Rd3 Ke5 33. Kc1 Rc6 34. Kd2 Kf4 35. a4 f5 36. exf5 gxf5 37. gxf5 Kxf5 38. Rd4 f6 39. Kd3 d5 40. c3 Ke5 41. Rh4 a5 42. Rh5+ f5 43. b3 Rb6 44. Kc2 Rg6 45. Kd3 Kf4 46. Kd4 Rb6 47. Kxd5 Rxb3 48. Ke6 Rb6+ 49. Kd5 Rc6 50. c4 Rg6 51. c5 Rc6 1/2-1/2